Who will foot the bill for infrastructure? (Record no. 75686)
[ view plain ]
| 000 -LEADER | |
|---|---|
| fixed length control field | 00961cab a2200205 4500 |
| 001 - CONTROL NUMBER | |
| control field | L130540 |
| 008 - FIXED-LENGTH DATA ELEMENTS--GENERAL INFORMATION | |
| fixed length control field | 050811n2005 000 0 eng u |
| 035 ## - SYSTEM CONTROL NUMBER | |
| System control number | (Sirsi) u130540 |
| 041 ## - LANGUAGE CODE | |
| Language code of text/sound track or separate title | eng |
| 100 ## - MAIN ENTRY--PERSONAL NAME | |
| Personal name | Smulian, Mark |
| 245 ## - TITLE STATEMENT | |
| Title | Who will foot the bill for infrastructure? |
| 260 ## - PUBLICATION, DISTRIBUTION, ETC. | |
| Date of publication, distribution, etc. | 2005 |
| 490 ## - SERIES STATEMENT | |
| Series statement | Axis |
| Volume/sequential designation | 58(9) July/August, 14-15(2) |
| 520 ## - SUMMARY, ETC. | |
| Summary, etc. | Reports on the lack of finance for the infrastructure to back up the new housing developments planned in the south east. Discusses the report "The costs and funding of growth in south east England." Contains table outlining total infrastructure costs, estimated funding gaps and available planning contributions. |
| 590 ## - LOCAL NOTE (RLIN) | |
| Local note | IKA160805 |
| 651 #4 - SUBJECT ADDED ENTRY--GEOGRAPHIC NAME | |
| Geographic name | England |
| Chronological subdivision | 886- |
| 690 ## - LOCAL SUBJECT ADDED ENTRY--TOPICAL TERM (OCLC, RLIN) | |
| Topical term or geographic name as entry element | PROPERTY-INFRASTRUCTURE-INFRASTRUCTURE FINANCE AND INVESTMENT |
| 856 ## - ELECTRONIC LOCATION AND ACCESS | |
| Uniform Resource Identifier | <a href="https://www3.hants.gov.uk/cost_and_funding_of_growth_in_se_england.pdf">https://www3.hants.gov.uk/cost_and_funding_of_growth_in_se_england.pdf</a> |
| Public note | View the report free of charge at www3.hants.gov.uk |
| 942 ## - ADDED ENTRY ELEMENTS (KOHA) | |
| Suppress in OPAC | 0 |
| Withdrawn status | Lost status | Source of classification or shelving scheme | Damaged status | Not for loan | Home library | Current library | Shelving location | Date acquired | Total Checkouts | Full call number | Barcode | Date last seen | Copy number | Price effective from | Koha item type |
|---|---|---|---|---|---|---|---|---|---|---|---|---|---|---|---|
| Dewey Decimal Classification | London | London | Journal article | 11/08/2005 | L130540 | 130540-1001 | 06/08/2019 | 1 | 06/08/2019 | Journal article |